Quiz sur le livre Harry Potter et l'Ordre du Phénix - Statistiques

Statistiques générales
  • Ce quiz a été pris 100 fois
  • Le résultat moyen est 20 sur 55
Statistiques - réponses
Information Réponse % Correct
Auteure JK Rowling
96%
Personnage Harry Potter
95%
Personnage Hermione Granger
92%
Personnage Ron Weasley
92%
Personnage Albus Dumbledore
87%
Personnage Dolores Ombrage
76%
Personnage Luna Lovegood
72%
Année de parution 2003
71%
Personnage Neville Londubat
71%
Personnage Ginny Weasley
68%
Personnage Sirius Black
66%
Titre original Harry Potter and the Order of the Phoenix
55%
Personnage Voldemort
55%
Personnage Bellatrix Lestrange
47%
Personnage Cornelius Fudge
42%
Chapitre 5 L'Ordre du Phénix
42%
Traducteur (Français) Jean-François Ménard
41%
Chapitre 18 L'armée de Dumbledore
41%
Chapitre 7 Le ministère de la Magie
38%
Chapitre 8 L'audience
36%
Chapitre 30 Graup
34%
Chapitre 34 Le département des mystères
34%
Chapitre 4 12, square Grimmaurd
32%
Chapitre 1 Dudley Détraqué
30%
Chapitre 10 Luna Lovegood
28%
Chapitre 16 À la Tête de Sanglier
26%
Chapitre 2 Crises de bec
25%
Chapitre 35 Au-delà du voile
24%
Chapitre 3 La garde rapprochée
24%
Chapitre 13 Retenue douloureuse avec Dolores
24%
Chapitre 31 Buse
22%
Chapitre 6 La noble et très ancienne maison des Black
22%
Chapitre 12 Le professeur Ombrage
22%
Chapitre 38 La deuxième guerre commence
21%
Chapitre 11 La nouvelle chanson du Choixpeau magique
21%
Chapitre 15 La Grande Inquisitrice de Poudlard
20%
Chapitre 25 Le scarabée sous contrôle
20%
Chapitre 9 Les malheurs de Mrs Weasley
20%
Chapitre 21 L'œil du serpent
20%
Chapitre 24 Occlumancie
20%
Chapitre 27 Le centaure et le cafard
18%
Chapitre 20 Le récit de Hagrid
18%
Chapitre 14 Percy et Patmol
18%
Chapitre 32 Hors du feu
17%
Chapitre 28 Le pire souvenir de Rogue
17%
Chapitre 36 Le seul qu'il ait jamais craint
17%
Chapitre 23 Noël dans la salle spéciale
17%
Chapitre 26 Vu et imprévu
17%
Chapitre 37 La prophétie perdue
16%
Chapitre 19 Le lion et le serpent
16%
Chapitre 33 Lutte et fugue
16%
Nombre d'exemplaire vendus dans le monde entier 55 millions
14%
Chapitre 29 Conseils d'orientation
14%
Chapitre 17 Décret d'éducation numéro vingt-quatre
14%
Chapitre 22 L'hôpital Ste Mangouste pour les maladies et blessures magiques
12%
Aucun quiz correspondant
Distribution des résultats
% des personnes avec chaque résultat
Percentile par nombre de réponses
Votre historique - résultats
Vous n’avez pas pris ce quiz